000 00483nam a2200181Ia 4500
005 20240913130026.0
008 240913s9999||||xx |||||||||||||| ||und||
041 _aENGLISH
082 _A628.1605 P7
100 _aIndian Desalinatin Association
245 0 _aTrombay Symposium on Desalination and Water Reuse
250 _a1st
260 _c2007
_bBoard of Research in Nuclear Sc
500 _aREFERENCE
650 _aMechanical
_bMechanical
942 _cREF
999 _c246799
_d246799